000 00491nam a2200097Ia 4500
008 180130s9999 xx 000 0 und d
245 _cAl-Fawwaz, Bader M.; Al-Shatnawi, Atallah M.; AlSharafat, Wafa S.
_aRecognizing the importance of brand awareness on e-commerce sales while shopping on internet: empirical analysis of European countries
260 _c2016
300 _aBook title: Recent developments in mobile technology--Acession number C20742; pages 156-159
650 _aMOBILE TECHNOLOGY
999 _c353777
_d353777